El más suertudo / (Registro nro. 3232)

Detalles MARC
000 -LEADER
fixed length control field 00843nam a2200229Ia 4500
003 - CONTROL NUMBER IDENTIFIER
control field OSt
005 - DATE AND TIME OF LATEST TRANSACTION
control field 20200330120446.0
008 - FIXED-LENGTH DATA ELEMENTS--GENERAL INFORMATION
fixed length control field 191128s2016 ck a ar 000 1 spa d
020 ## - INTERNATIONAL STANDARD BOOK NUMBER
International Standard Book Number 9789585944534
040 ## - CATALOGING SOURCE
Original cataloging agency CO-JMCR
Transcribing agency CO-JMCR
041 0# - LANGUAGE CODE
Language code of text/sound track or separate title spa
082 04 - DEWEY DECIMAL CLASSIFICATION NUMBER
Classification number A /
Item number SERm
100 1# - MAIN ENTRY--PERSONAL NAME
Personal name Serrano, Lucía,
Relator term autor
9 (RLIN) 2145
245 13 - TITLE STATEMENT
Title El más suertudo /
Statement of responsibility, etc. Lucía Serrano
260 ## - PUBLICATION, DISTRIBUTION, ETC.
Place of publication, distribution, etc. Bogotá
Name of publisher, distributor, etc. Distribuidora comercial didáctica,
Date of publication, distribution, etc. 2016
300 ## - PHYSICAL DESCRIPTION
Extent [16] Páginas sin enumerar :
Other physical details Ilustraciones en color ;
Dimensions 16 cm. x 16 cm.
490 0# - SERIES STATEMENT
Series statement Plan nacional de lectura y escritura leer es mi cuento
520 0# - SUMMARY, ETC.
Summary, etc. Mis van al cole en autobus, en moto, en avión… pero yo soy el más suertudo de todos. ¿Quieres saber en qué voy yo?
546 ## - LANGUAGE NOTE
Language note spa
650 14 - SUBJECT ADDED ENTRY--TOPICAL TERM
Topical term or geographic name entry element Relaciones padres e hijos en la literatura
General subdivision álbum
9 (RLIN) 2146
942 ## - ADDED ENTRY ELEMENTS (KOHA)
Source of classification or shelving scheme Dewey Decimal Classification
Koha item type Books
Existencias
Withdrawn status Lost status Source of classification or shelving scheme Damaged status Not for loan Collection code Home library Current library Date acquired Source of acquisition Cost, normal purchase price Total Checkouts Total Renewals Full call number Barcode Date last seen Date last checked out Copy number Koha item type
    Dewey Decimal Classification     Fiction Biblioteca Pública José María del Castillo y Rada Biblioteca Pública José María del Castillo y Rada 11/28/2019 Donación 0.00 23 1 A / SERm 201506903 02/18/2026 02/18/2026 Ej.1 Books